1960 College Football AP Poll - Statistics

General Stats
  • This quiz has been taken 25 times
  • The average score is 194 of 239
Answer Stats
Week Rank Team W L T Conference % Correct
Preseason 19 Penn State 0 0 Independent
100%
Week 1 (9/19) 11 Penn State 1 0 Independent
100%
Week 2 (9/26) 20 Penn State 1 0 Independent
100%
Week 4 (10/10) 20 Penn State 2 1 Independent
100%
Week 10 (11/21) 15 Penn State 6 3 Independent
100%
Week 11 (11/28) 16 Penn State 6 3 Independent
100%
Preseason 4 Texas 0 0 Southwest
100%
Week 1 (9/19) 15 Texas 0 1 Southwest
100%
Week 2 (9/26) 13 Texas 1 1 Southwest
100%
Week 3 (10/3) 15 Texas 2 1 Southwest
100%
Week 4 (10/10) 11 Texas 3 1 Southwest
100%
Week 5 (10/17) 16 Texas 3 2 Southwest
100%
Preseason 6 USC 0 0 Western Universities
100%
Week 1 (9/19) 5 Alabama 1 0 SEC
95%
Week 2 (9/26) 15 Alabama 1 0 1 SEC
95%
Week 3 (10/3) 17 Alabama 2 0 1 SEC
95%
Week 4 (10/10) 15 Alabama 2 0 1 SEC
95%
Week 9 (11/14) 18 Alabama 6 1 1 SEC
95%
Week 10 (11/21) 17 Alabama 7 1 1 SEC
95%
Week 11 (11/28) 9 Alabama 8 1 1 SEC
95%
Preseason 8 Michigan State 0 0 Big Ten
95%
Week 1 (9/19) 6 Michigan State 0 0 Big Ten
95%
Week 3 (10/3) 13 Michigan State 1 0 1 Big Ten
95%
Week 4 (10/10) 14 Michigan State 1 1 1 Big Ten
95%
Week 5 (10/17) 13 Michigan State 2 1 1 Big Ten
95%
Week 6 (10/24) 10 Michigan State 3 1 1 Big Ten
95%
Week 7 (10/31) 17 Michigan State 3 2 1 Big Ten
95%
Week 8 (11/7) 13 Michigan State 4 2 1 Big Ten
95%
Week 9 (11/14) 12 Michigan State 5 2 1 Big Ten
95%
Week 10 (11/21) 14 Michigan State 6 2 1 Big Ten
95%
Week 11 (11/28) 15 Michigan State 6 2 1 Big Ten
95%
Week 1 (9/19) 12 Nebraska 1 0 Big Eight
95%
Preseason 17 Notre Dame 0 0 Independent
95%
Week 2 (9/26) 12 Notre Dame 1 0 Independent
95%
Preseason 16 Ohio State 0 0 Big Ten
95%
Week 1 (9/19) 20 Ohio State 0 0 Big Ten
95%
Week 2 (9/26) 9 Ohio State 1 0 Big Ten
95%
Week 3 (10/3) 5 Ohio State 2 0 Big Ten
95%
Week 4 (10/10) 3 Ohio State 3 0 Big Ten
95%
Week 5 (10/17) 9 Ohio State 3 1 Big Ten
95%
Week 6 (10/24) 8 Ohio State 4 1 Big Ten
95%
Week 7 (10/31) 5 Ohio State 5 1 Big Ten
95%
Week 8 (11/7) 3 Ohio State 6 1 Big Ten
95%
Week 9 (11/14) 10 Ohio State 6 2 Big Ten
95%
Week 10 (11/21) 9 Ohio State 7 2 Big Ten
95%
Week 11 (11/28) 8 Ohio State 7 2 Big Ten
95%
Preseason 10 Oklahoma 0 0 Big Eight
95%
Preseason 18 Tennessee 0 0 SEC
95%
Week 2 (9/26) 11 Tennessee 1 0 SEC
95%
Week 5 (10/17) 12 Tennessee 3 0 1 SEC
95%
Week 6 (10/24) 11 Tennessee 4 0 1 SEC
95%
Week 7 (10/31) 8 Tennessee 5 0 1 SEC
95%
Week 8 (11/7) 14 Tennessee 5 1 1 SEC
95%
Week 1 (9/19) 8 UCLA 1 0 Western Universities
95%
Week 2 (9/26) 16 UCLA 1 0 1 Western Universities
95%
Week 3 (10/3) 16 UCLA 1 0 1 Western Universities
95%
Week 4 (10/10) 15 UCLA 1 0 1 Western Universities
95%
Week 5 (10/17) 19 UCLA 1 1 1 Western Universities
95%
Week 7 (10/31) 15 UCLA 3 1 1 Western Universities
95%
Week 8 (11/7) 11 UCLA 4 1 1 Western Universities
95%
Week 9 (11/14) 11 UCLA 5 1 1 Western Universities
95%
Preseason 13 Georgia 0 0 SEC
90%
Preseason 15 Iowa 0 0 Big Ten
90%
Week 1 (9/19) 19 Iowa 0 0 Big Ten
90%
Week 2 (9/26) 8 Iowa 1 0 Big Ten
90%
Week 3 (10/3) 3 Iowa 2 0 Big Ten
90%
Week 4 (10/10) 2 Iowa 3 0 Big Ten
90%
Week 5 (10/17) 1 Iowa 4 0 Big Ten
90%
Week 6 (10/24) 1 Iowa 5 0 Big Ten
90%
Week 7 (10/31) 1 Iowa 6 0 Big Ten
90%
Week 8 (11/7) 5 Iowa 6 1 Big Ten
90%
Week 9 (11/14) 2 Iowa 7 1 Big Ten
90%
Week 10 (11/21) 2 Iowa 8 1 Big Ten
90%
Week 11 (11/28) 3 Iowa 8 1 Big Ten
90%
Preseason 12 Auburn 0 0 SEC
86%
Week 5 (10/17) 17 Auburn 3 1 SEC
86%
Week 6 (10/24) 14 Auburn 4 1 SEC
86%
Week 7 (10/31) 12 Auburn 5 1 SEC
86%
Week 8 (11/7) 10 Auburn 6 1 SEC
86%
Week 9 (11/14) 9 Auburn 7 1 SEC
86%
Week 10 (11/21) 8 Auburn 8 1 SEC
86%
Week 11 (11/28) 13 Auburn 8 2 SEC
86%
Week 7 (10/31) 18 Colorado 5 1 Big Eight
86%
Preseason 5 Illinois 0 0 Big Ten
86%
Week 1 (9/19) 4 Illinois 0 0 Big Ten
86%
Week 2 (9/26) 4 Illinois 1 0 Big Ten
86%
Week 3 (10/3) 4 Illinois 2 0 Big Ten
86%
Week 1 (9/19) 7 Kansas 1 0 Big Eight
86%
Week 2 (9/26) 5 Kansas 2 0 Big Eight
86%
Week 3 (10/3) 10 Kansas 2 1 Big Eight
86%
Week 4 (10/10) 9 Kansas 3 1 Big Eight
86%
Week 5 (10/17) 15 Kansas 3 1 1 Big Eight
86%
Week 6 (10/24) 19 Kansas 4 1 1 Big Eight
86%
Week 10 (11/21) 10 Kansas 7 2 1 Big Eight
86%
Week 11 (11/28) 11 Kansas 7 2 1 Big Eight
86%
Week 1 (9/19) 18 LSU 1 0 SEC
86%
Week 3 (10/3) 7 Purdue 1 0 1 Big Ten
86%
Week 5 (10/17) 10 Purdue 2 1 1 Big Ten
86%
Week 6 (10/24) 15 Purdue 2 2 1 Big Ten
86%
Week 9 (11/14) 13 Purdue 3 4 1 Big Ten
86%
Week 11 (11/28) 19 Purdue 4 4 1 Big Ten
86%
Preseason 3 Washington 0 0 Western Universities
86%
Week 1 (9/19) 3 Washington 1 0 Western Universities
86%
Week 2 (9/26) 3 Washington 2 0 Western Universities
86%
Week 3 (10/3) 12 Washington 2 1 Western Universities
86%
Week 4 (10/10) 13 Washington 3 1 Western Universities
86%
Week 5 (10/17) 8 Washington 4 1 Western Universities
86%
Week 6 (10/24) 9 Washington 5 1 Western Universities
86%
Week 7 (10/31) 7 Washington 6 1 Western Universities
86%
Week 8 (11/7) 6 Washington 7 1 Western Universities
86%
Week 9 (11/14) 5 Washington 8 1 Western Universities
86%
Week 10 (11/21) 4 Washington 9 1 Western Universities
86%
Week 11 (11/28) 6 Washington 9 1 Western Universities
86%
Week 3 (10/3) 20 Baylor 2 0 Southwest
81%
Week 4 (10/10) 7 Baylor 3 0 Southwest
81%
Week 5 (10/17) 7 Baylor 4 0 Southwest
81%
Week 6 (10/24) 7 Baylor 5 0 Southwest
81%
Week 7 (10/31) 11 Baylor 5 1 Southwest
81%
Week 10 (11/21) 19 Baylor 7 2 Southwest
81%
Week 11 (11/28) 12 Baylor 8 2 Southwest
81%
Preseason 9 Clemson 0 0 ACC
81%
Week 1 (9/19) 9 Clemson 0 0 ACC
81%
Week 2 (9/26) 7 Clemson 1 0 ACC
81%
Week 3 (10/3) 8 Clemson 2 0 ACC
81%
Week 4 (10/10) 8 Clemson 3 0 ACC
81%
Week 6 (10/24) 15 Duke 4 1 ACC
81%
Week 7 (10/31) 13 Duke 5 1 ACC
81%
Week 8 (11/7) 7 Duke 6 1 ACC
81%
Week 9 (11/14) 6 Duke 7 1 ACC
81%
Week 10 (11/21) 11 Duke 7 2 ACC
81%
Week 11 (11/28) 10 Duke 7 2 ACC
81%
Week 3 (10/3) 18 Florida 3 0 SEC
81%
Week 8 (11/7) 20 Florida 6 2 SEC
81%
Week 9 (11/14) 19 Florida 7 2 SEC
81%
Week 10 (11/21) 19 Florida 7 2 SEC
81%
Week 11 (11/28) 18 Florida 8 2 SEC
81%
Week 2 (9/26) 18 Minnesota 1 0 Big Ten
81%
Week 3 (10/3) 14 Minnesota 2 0 Big Ten
81%
Week 4 (10/10) 10 Minnesota 3 0 Big Ten
81%
Week 5 (10/17) 6 Minnesota 4 0 Big Ten
81%
Week 6 (10/24) 6 Minnesota 5 0 Big Ten
81%
Week 7 (10/31) 3 Minnesota 6 0 Big Ten
81%
Week 8 (11/7) 1 Minnesota 7 0 Big Ten
81%
Week 9 (11/14) 4 Minnesota 7 1 Big Ten
81%
Week 10 (11/21) 1 Minnesota 8 1 Big Ten
81%
Week 11 (11/28) 1 Minnesota 8 1 Big Ten
81%
Preseason 2 Ole Miss 0 0 SEC
81%
Week 1 (9/19) 1 Ole Miss 1 0 SEC
81%
Week 2 (9/26) 1 Ole Miss 2 0 SEC
81%
Week 3 (10/3) 2 Ole Miss 3 0 SEC
81%
Week 4 (10/10) 1 Ole Miss 4 0 SEC
81%
Week 5 (10/17) 2 Ole Miss 5 0 SEC
81%
Week 6 (10/24) 2 Ole Miss 6 0 SEC
81%
Week 7 (10/31) 6 Ole Miss 6 0 1 SEC
81%
Week 8 (11/7) 4 Ole Miss 7 0 1 SEC
81%
Week 9 (11/14) 3 Ole Miss 8 0 1 SEC
81%
Week 10 (11/21) 3 Ole Miss 8 0 1 SEC
81%
Week 11 (11/28) 2 Ole Miss 9 0 1 SEC
81%
Week 4 (10/10) 12 Wisconsin 3 0 Big Ten
81%
Week 5 (10/17) 11 Wisconsin 3 1 Big Ten
81%
Preseason 19 Arkansas 0 0 Southwest
76%
Week 2 (9/26) 14 Arkansas 2 0 Southwest
76%
Week 3 (10/3) 9 Arkansas 3 0 Southwest
76%
Week 5 (10/17) 14 Arkansas 4 1 Southwest
76%
Week 6 (10/24) 12 Arkansas 4 2 Southwest
76%
Week 7 (10/31) 16 Arkansas 5 2 Southwest
76%
Week 8 (11/7) 9 Arkansas 6 2 Southwest
76%
Week 9 (11/14) 7 Arkansas 7 2 Southwest
76%
Week 10 (11/21) 6 Arkansas 8 2 Southwest
76%
Week 11 (11/28) 7 Arkansas 8 2 Southwest
76%
Week 3 (10/3) 18 Army 3 0 Independent
76%
Week 2 (9/26) 17 Navy 2 0 Independent
76%
Week 3 (10/3) 6 Navy 3 0 Independent
76%
Week 4 (10/10) 5 Navy 4 0 Independent
76%
Week 5 (10/17) 4 Navy 5 0 Independent
76%
Week 6 (10/24) 4 Navy 6 0 Independent
76%
Week 7 (10/31) 4 Navy 7 0 Independent
76%
Week 8 (11/7) 8 Navy 7 1 Independent
76%
Week 9 (11/14) 8 Navy 8 1 Independent
76%
Week 10 (11/21) 7 Navy 8 1 Independent
76%
Week 11 (11/28) 4 Navy 8 1 Independent
76%
Week 1 (9/19) 16 Missouri 1 0 Big Eight
71%
Week 2 (9/26) 19 Missouri 2 0 Big Eight
71%
Week 3 (10/3) 11 Missouri 3 0 Big Eight
71%
Week 4 (10/10) 6 Missouri 4 0 Big Eight
71%
Week 5 (10/17) 5 Missouri 5 0 Big Eight
71%
Week 6 (10/24) 5 Missouri 6 0 Big Eight
71%
Week 7 (10/31) 2 Missouri 7 0 Big Eight
71%
Week 8 (11/7) 2 Missouri 8 0 Big Eight
71%
Week 9 (11/14) 1 Missouri 9 0 Big Eight
71%
Week 10 (11/21) 5 Missouri 9 1 Big Eight
71%
Week 11 (11/28) 5 Missouri 9 1 Big Eight
71%
Week 9 (11/14) 19 Oregon 7 2 Independent
71%
Week 1 (9/19) 10 Oregon State 1 0 Independent
71%
Week 4 (10/10) 17 Oregon State 3 1 Independent
71%
Week 5 (10/17) 18 Oregon State 4 1 Independent
71%
Week 6 (10/24) 15 Oregon State 4 2 Independent
71%
Preseason 11 TCU 0 0 Southwest
71%
Week 4 (10/10) 18 Arizona State 4 0 Border Conference
67%
Week 1 (9/19) 13 Georgia Tech 1 0 SEC
67%
Week 2 (9/26) 10 Georgia Tech 2 0 SEC
67%
Week 4 (10/10) 19 Georgia Tech 3 1 SEC
67%
Preseason 14 Northwestern 0 0 Big Ten
67%
Week 1 (9/19) 14 Northwestern 0 0 Big Ten
67%
Week 2 (9/26) 6 Northwestern 1 0 Big Ten
67%
Preseason 7 Pittsburgh 0 0 Independent
67%
Week 1 (9/19) 17 Pittsburgh 0 1 Independent
67%
Week 7 (10/31) 14 Pittsburgh 3 2 2 Independent
67%
Week 8 (11/7) 12 Pittsburgh 4 2 2 Independent
67%
Week 5 (10/17) 20 Rice 3 1 Southwest
67%
Week 6 (10/24) 13 Rice 4 1 Southwest
67%
Week 7 (10/31) 10 Rice 5 1 Southwest
67%
Week 8 (11/7) 16 Rice 5 2 Southwest
67%
Week 9 (11/14) 14 Rice 6 2 Southwest
67%
Week 10 (11/21) 12 Rice 7 2 Southwest
67%
Preseason 1 Syracuse 0 0 Independent
67%
Week 1 (9/19) 2 Syracuse 0 0 Independent
67%
Week 2 (9/26) 2 Syracuse 1 0 Independent
67%
Week 3 (10/3) 1 Syracuse 2 0 Independent
67%
Week 4 (10/10) 4 Syracuse 3 0 Independent
67%
Week 5 (10/17) 3 Syracuse 4 0 Independent
67%
Week 6 (10/24) 3 Syracuse 5 0 Independent
67%
Week 7 (10/31) 9 Syracuse 5 1 Independent
67%
Week 8 (11/7) 17 Syracuse 5 2 Independent
67%
Week 9 (11/14) 14 Syracuse 6 2 Independent
67%
Week 10 (11/21) 17 Syracuse 7 2 Independent
67%
Week 11 (11/28) 19 Syracuse 7 2 Independent
67%
Week 8 (11/7) 17 Yale 7 0 Ivy League
52%
Week 9 (11/14) 14 Yale 8 0 Ivy League
52%
Week 10 (11/21) 13 Yale 9 0 Ivy League
52%
Week 11 (11/28) 14 Yale 9 0 Ivy League
52%
Week 7 (10/31) 18 Utah State 7 0 Skyline Conference
33%
Week 8 (11/7) 19 Utah State 8 0 Skyline Conference
33%
Week 6 (10/24) 18 New Mexico State 6 0 Border Conference
29%
Week 7 (10/31) 20 New Mexico State 7 0 Border Conference
29%
Week 8 (11/7) 15 New Mexico State 7 0 Border Conference
29%
Week 9 (11/14) 14 New Mexico State 8 0 Border Conference
29%
Week 10 (11/21) 15 New Mexico State 9 0 Border Conference
29%
Week 11 (11/28) 17 New Mexico State 10 0 Border Conference
29%
No matching quizzes found
Score Distribution
Percent of People with Each Score
Percentile by Number Answered
Your Score History
You have not taken this quiz